[Event "WYCC Open U12"]
[Site "Porto Carras"]
[Date "2015.10.29"]
[Round "5.12"]
[White "Yu, Kaifeng"]
[Black "Huang, Renjie"]
[Result "1/2-1/2"]
[BlackElo "1983"]
[WhiteElo "2130"]
[LiveChessVersion "1.4.6"]

1. d4 {[%clk 1:30:57]} d5 {[%clk 1:30:53]} 2. c4 {[%clk 1:31:23]} e6
{[%clk 1:30:58]} 3. Nf3 {[%clk 1:31:50]} Nf6 {[%clk 1:31:24]} 4. Nc3
{[%clk 1:32:15]} c5 {[%clk 1:31:41]} 5. cxd5 {[%clk 1:32:42]} Nxd5
{[%clk 1:32:06]} 6. e4 {[%clk 1:33:07]} Nxc3 {[%clk 1:32:31]} 7. bxc3
{[%clk 1:33:35]} cxd4 {[%clk 1:32:57]} 8. cxd4 {[%clk 1:34:00]} Nc6
{[%clk 1:33:08]} 9. Be2 {[%clk 1:34:25]} Bb4+ {[%clk 1:30:07]} 10. Bd2
{[%clk 1:34:47]} Qa5 {[%clk 1:29:59]} 11. a3 {[%clk 1:31:49]} Bxd2+
{[%clk 1:30:20]} 12. Qxd2 {[%clk 1:32:14]} O-O {[%clk 1:29:34]} 13. Qxa5
{[%clk 1:26:21]} Nxa5 {[%clk 1:30:02]} 14. Rb1 {[%clk 1:21:47]} b6
{[%clk 1:29:19]} 15. Kd2 {[%clk 1:19:23]} Bb7 {[%clk 1:27:11]} 16. Ke3
{[%clk 1:17:05]} f5 {[%clk 1:26:58]} 17. Ng5 {[%clk 1:04:34]} Rac8
{[%clk 0:58:33]} 18. Rhc1 {[%clk 0:54:05]} f4+ {[%clk 0:58:54]} 19. Kf3
{[%clk 0:44:11]} Nb3 {[%clk 0:59:03]} 20. Rd1 {[%clk 0:43:48]} Rc3+
{[%clk 0:58:33]} 21. Kg4 {[%clk 0:44:00]} h6 {[%clk 0:53:37]} 22. Rxb3
{[%clk 0:40:24]} Rxb3 {[%clk 0:53:52]} 23. Bc4 {[%clk 0:40:48]} Rxa3
{[%clk 0:52:38]} 24. Bxe6+ {[%clk 0:40:44]} Kh8 {[%clk 0:53:04]} 25. Nf7+
{[%clk 0:41:10]} Kh7 {[%clk 0:53:27]} 26. d5 {[%clk 0:41:27]} g5 {[%clk 0:50:01]}
27. Rc1 {[%clk 0:37:16]} Kg7 {[%clk 0:38:56]} 28. Rc7 {[%clk 0:35:26]} Bc8
{[%clk 0:38:19]} 29. Nd6+ {[%clk 0:34:23]} Kg6 {[%clk 0:38:35]} 30. f3
{[%clk 0:33:44]} h5+ {[%clk 0:38:03]} 31. Kh3 {[%clk 0:34:11]} Ba6
{[%clk 0:38:02]} 32. Rc1 {[%clk 0:32:21]} Kf6 {[%clk 0:35:17]} 33. Nf5
{[%clk 0:32:44]} Ke5 {[%clk 0:35:05]} 34. Ne7 {[%clk 0:32:49]} Kf6
{[%clk 0:28:57]} 35. Nc6 {[%clk 0:33:09]} Re3 {[%clk 0:21:36]} 36. e5+
{[%clk 0:31:20]} Rxe5 {[%clk 0:21:49]} 37. Nxe5 {[%clk 0:31:43]} Kxe5
{[%clk 0:22:17]} 38. Ra1 {[%clk 0:31:09]} Bc4 {[%clk 0:22:01]} 39. Rxa7
{[%clk 0:31:34]} Bxd5 {[%clk 0:22:27]} 40. Bxd5 {[%clk 1:01:58]} Kxd5
{[%clk 0:52:53]} 41. Rh7 {[%clk 1:02:22]} h4 {[%clk 0:50:21]} 42. Kg4
{[%clk 0:57:00]} Rg8 {[%clk 0:50:08]} 43. Rd7+ {[%clk 0:57:11]} Kc4
{[%clk 0:50:15]} 44. Rc7+ {[%clk 0:56:40]} Kb4 {[%clk 0:50:38]} 45. Rc1
{[%clk 0:57:06]} b5 {[%clk 0:47:08]} 46. Rb1+ {[%clk 0:57:32]} Ka5
{[%clk 0:46:20]} 47. Ra1+ {[%clk 0:57:29]} Kb6 {[%clk 0:46:49]} 48. Rb1
{[%clk 0:57:23]} Rc8 {[%clk 0:47:00]} 49. Kxg5 {[%clk 0:57:39]} Rg8+ 50. Kxh4
{[%clk 0:53:16]} Rxg2 {[%clk 0:47:51]} 51. Kh3 {[%clk 0:53:44]} Rg5
{[%clk 0:45:52]} 52. Rb4 {[%clk 0:52:18]} Kc5 {[%clk 0:45:34]} 53. Rxf4
{[%clk 0:52:41]} b4 {[%clk 0:46:01]} 54. Re4 {[%clk 0:52:37]} b3 {[%clk 0:46:10]}
55. Re1 {[%clk 0:52:56]} Kd4 {[%clk 0:45:15]} 56. f4 {[%clk 0:53:08]} Rg8
{[%clk 0:45:30]} 57. Kh4 {[%clk 0:52:07]} b2 {[%clk 0:44:40]} 58. f5
{[%clk 0:51:17]} Rh8+ {[%clk 0:44:58]} 59. Kg3 {[%clk 0:49:06]} Rh5
{[%clk 0:45:06]} 60. Rb1 {[%clk 0:46:50]} Kc3 {[%clk 0:44:58]} 61. Kg4
{[%clk 0:47:14]} Rxh2 {[%clk 0:44:36]} 62. f6 {[%clk 0:47:17]} Kc2
{[%clk 0:44:30]} 63. Rf1 {[%clk 0:47:04]} Rh8 {[%clk 0:43:55]} 64. Kf5
{[%clk 0:47:01]} Ra8 {[%clk 0:43:06]} 65. f7 {[%clk 0:43:49]} Ra1
{[%clk 0:42:05]} 66. Rf2+ {[%clk 0:44:13]} Kc3 {[%clk 0:42:15]} 67. Rxb2
{[%clk 0:44:39]} Kxb2 {[%clk 0:42:40]} 68. Ke6 {[%clk 0:45:01]} Ra8 1/2-1/2

[Event "WYCC Open U12"]
[Site "Porto Carras"]
[Date "2015.10.31"]
[Round "6.1"]
[White "Firouzja, Alireza"]
[Black "Abdusattorov, Nodirbek"]
[Result "1/2-1/2"]
[BlackElo "2432"]
[WhiteElo "2364"]
[LiveChessVersion "1.4.6"]

1. e4 {[%clk 1:30:57]} c5 {[%clk 1:30:43]} 2. Nf3 {[%clk 1:31:22]} d6
{[%clk 1:30:55]} 3. d4 {[%clk 1:31:45]} cxd4 {[%clk 1:31:12]} 4. Nxd4
{[%clk 1:32:09]} Nf6 {[%clk 1:31:29]} 5. Nc3 {[%clk 1:32:32]} a6 {[%clk 1:31:53]}
6. Be3 {[%clk 1:32:58]} e5 {[%clk 1:31:57]} 7. Nb3 {[%clk 1:33:23]} Be6
{[%clk 1:31:52]} 8. h3 {[%clk 1:33:37]} Nbd7 {[%clk 1:29:51]} 9. g4
{[%clk 1:30:24]} h6 {[%clk 1:29:50]} 10. Qd2 {[%clk 1:26:11]} b5 {[%clk 1:29:53]}
11. O-O-O {[%clk 1:25:27]} Rc8 {[%clk 1:29:27]} 12. Kb1 {[%clk 1:21:55]} Nb6
{[%clk 1:23:53]} 13. f4 {[%clk 1:16:15]} b4 {[%clk 1:22:17]} 14. Bxb6
{[%clk 1:04:24]} Qxb6 {[%clk 1:22:40]} 15. Nd5 {[%clk 1:04:46]} Nxd5
{[%clk 1:19:57]} 16. exd5 {[%clk 1:05:07]} Bd7 {[%clk 1:18:03]} 17. Re1
{[%clk 0:58:08]} f6 {[%clk 1:09:23]} 18. Bd3 {[%clk 0:55:27]} Be7
{[%clk 1:09:25]} 19. Bg6+ {[%clk 0:54:59]} Kd8 {[%clk 1:09:47]} 20. Bf5
{[%clk 0:49:47]} Rc4 {[%clk 1:09:48]} 21. Bxd7 {[%clk 0:47:48]} Kxd7
{[%clk 1:10:12]} 22. Rhf1 {[%clk 0:38:47]} Rhc8 {[%clk 1:09:53]} 23. fxe5
{[%clk 0:38:34]} dxe5 {[%clk 1:09:55]} 24. Qd3 {[%clk 0:36:48]} Rxc2
{[%clk 1:07:37]} 25. Qf5+ {[%clk 0:35:12]} Kd8 {[%clk 1:07:28]} 26. d6
{[%clk 0:34:19]} Bxd6 {[%clk 1:03:41]} 27. Qe6 {[%clk 0:29:46]} Qc6
{[%clk 1:02:57]} 1/2-1/2

[Event "WYCC Open U12"]
[Site "Porto Carras"]
[Date "2015.10.31"]
[Round "6.2"]
[White "Gharibyan, Mamikon"]
[Black "Stoyanov, Tsvetan"]
[Result "1/2-1/2"]
[BlackElo "2176"]
[WhiteElo "2106"]
[LiveChessVersion "1.4.6"]

1. d4 {[%clk 1:30:58]} Nf6 {[%clk 1:30:48]} 2. Nf3 {[%clk 1:31:22]} e6
{[%clk 1:31:13]} 3. c4 {[%clk 1:31:48]} Bb4+ {[%clk 1:31:31]} 4. Nbd2
{[%clk 1:32:06]} a5 {[%clk 1:31:43]} 5. g3 {[%clk 1:29:00]} O-O {[%clk 1:31:09]}
6. Bg2 {[%clk 1:29:20]} d5 {[%clk 1:31:15]} 7. O-O {[%clk 1:28:24]} b6
{[%clk 1:30:59]} 8. Qc2 {[%clk 1:22:18]} Nbd7 {[%clk 1:05:10]} 9. e4
{[%clk 1:10:32]} dxe4 {[%clk 1:03:39]} 10. Nxe4 {[%clk 1:09:59]} Bb7
{[%clk 1:02:56]} 11. Nxf6+ {[%clk 1:00:14]} Nxf6 {[%clk 0:59:50]} 12. c5
{[%clk 0:56:32]} Be4 {[%clk 0:50:18]} 13. Qc4 {[%clk 0:55:09]} Bd5
{[%clk 0:47:42]} 14. Qe2 {[%clk 0:51:41]} a4 {[%clk 0:47:12]} 15. a3
{[%clk 0:46:54]} Ba5 {[%clk 0:46:56]} 16. Be3 {[%clk 0:46:55]} Qe7
{[%clk 0:37:27]} 17. Ne5 {[%clk 0:38:24]} Bxg2 {[%clk 0:36:50]} 18. Kxg2
{[%clk 0:36:38]} Nd5 {[%clk 0:37:02]} 19. Rac1 {[%clk 0:30:58]} Rfc8
{[%clk 0:29:53]} 20. Rfd1 {[%clk 0:27:51]} Qe8 {[%clk 0:20:41]} 21. c6
{[%clk 0:15:33]} Rd8 {[%clk 0:18:09]} 22. Qd3 1/2-1/2

[Event "WYCC Open U12"]
[Site "Porto Carras"]
[Date "2015.10.31"]
[Round "6.3"]
[White "Budisavljevic, Luka"]
[Black "Hong, Andrew Z"]
[Result "1/2-1/2"]
[BlackElo "2136"]
[WhiteElo "2093"]
[LiveChessVersion "1.4.6"]

1. d4 {[%clk 1:30:55]} Nf6 {[%clk 1:30:50]} 2. Nf3 {[%clk 1:31:21]} g6
{[%clk 1:30:59]} 3. c4 {[%clk 1:31:48]} Bg7 {[%clk 1:31:00]} 4. Nc3
{[%clk 1:32:13]} O-O {[%clk 1:30:59]} 5. Bg5 {[%clk 1:32:40]} d6 {[%clk 1:30:31]}
6. e3 {[%clk 1:33:32]} Nbd7 {[%clk 1:29:10]} 7. Be2 {[%clk 1:33:32]} h6
{[%clk 1:28:59]} 8. Bh4 {[%clk 1:33:59]} g5 {[%clk 1:28:37]} 9. Bg3
{[%clk 1:34:23]} Nh5 {[%clk 1:28:58]} 10. Qc2 {[%clk 1:34:37]} Nxg3
{[%clk 1:17:04]} 11. hxg3 {[%clk 1:35:01]} f5 {[%clk 1:14:28]} 12. g4
{[%clk 1:18:43]} e6 {[%clk 1:04:57]} 13. gxf5 {[%clk 1:18:39]} exf5
{[%clk 1:03:56]} 14. Bd3 {[%clk 1:13:00]} Nb8 {[%clk 0:50:09]} 15. O-O-O
{[%clk 0:55:33]} Nc6 {[%clk 0:49:12]} 16. Nd5 {[%clk 0:54:22]} Ne7
{[%clk 0:45:41]} 17. e4 {[%clk 0:48:21]} Nxd5 {[%clk 0:38:19]} 18. cxd5
{[%clk 0:48:32]} fxe4 {[%clk 0:35:04]} 19. Bxe4 {[%clk 0:48:54]} Qf6
{[%clk 0:34:28]} 20. Rd2 {[%clk 0:41:49]} Bd7 {[%clk 0:31:07]} 21. Nh2
{[%clk 0:35:54]} Rae8 {[%clk 0:24:40]} 22. Nf1 {[%clk 0:34:58]} Rxe4
{[%clk 0:18:35]} 23. Qxe4 {[%clk 0:34:49]} Re8 {[%clk 0:18:44]} 24. Qc2
{[%clk 0:29:26]} Re1+ {[%clk 0:17:08]} 25. Rd1 {[%clk 0:29:47]} Rxd1+
{[%clk 0:14:34]} 26. Qxd1 {[%clk 0:29:25]} Qxf2 {[%clk 0:14:28]} 27. Qd2
{[%clk 0:29:06]} Qf5 {[%clk 0:12:58]} 28. Ne3 {[%clk 0:24:49]} Qe4
{[%clk 0:12:52]} 29. Rd1 {[%clk 0:24:36]} Bb5 {[%clk 0:11:40]} 30. Qc3
{[%clk 0:22:04]} c5 {[%clk 0:09:21]} 31. dxc6 {[%clk 0:22:02]} bxc6
{[%clk 0:08:51]} 32. Rd2 {[%clk 0:16:37]} Kh8 {[%clk 0:08:14]} 33. Nc2
{[%clk 0:15:51]} c5 {[%clk 0:06:04]} 34. Qf3 {[%clk 0:14:22]} Qxf3
{[%clk 0:05:13]} 35. gxf3 {[%clk 0:14:51]} Bc6 {[%clk 0:04:42]} 36. dxc5
{[%clk 0:11:39]} dxc5 {[%clk 0:05:04]} 37. Ne1 {[%clk 0:10:36]} Bd4
{[%clk 0:04:33]} 38. Kd1 {[%clk 0:09:43]} Kg7 {[%clk 0:04:34]} 39. Kc2
{[%clk 0:04:37]} Kg6 {[%clk 0:03:04]} 40. b4 {[%clk 0:34:17]} Ba4+
{[%clk 0:31:38]} 41. Kd3 {[%clk 0:33:17]} Bb5+ {[%clk 0:29:46]} 42. Kc2
{[%clk 0:33:20]} Ba4+ {[%clk 0:28:28]} 43. Kd3 {[%clk 0:33:31]} h5
{[%clk 0:24:54]} 44. Kc4 {[%clk 0:29:19]} h4 {[%clk 0:20:35]} 45. bxc5
{[%clk 0:28:52]} Be5 {[%clk 0:20:32]} 46. Nd3 {[%clk 0:28:01]} Bg3
{[%clk 0:17:18]} 47. Kd5 {[%clk 0:24:54]} h3 {[%clk 0:16:04]} 48. Nf2
{[%clk 0:23:06]} h2 {[%clk 0:15:44]} 49. Nh1 {[%clk 0:23:28]} Bf4
{[%clk 0:14:35]} 50. Re2 {[%clk 0:22:08]} Bd7 {[%clk 0:12:05]} 51. c6
{[%clk 0:20:53]} Bh3 {[%clk 0:11:28]} 52. Rc2 {[%clk 0:19:52]} Bc7
{[%clk 0:10:54]} 53. Rb2 {[%clk 0:18:59]} Bc8 {[%clk 0:09:46]} 54. Re2
{[%clk 0:16:55]} Kf7 {[%clk 0:09:48]} 55. Re1 {[%clk 0:15:40]} Ba6
{[%clk 0:09:31]} 56. Rb1 {[%clk 0:13:35]} Ke7 {[%clk 0:08:57]} 57. Re1+
{[%clk 0:13:37]} Kd8 {[%clk 0:08:44]} 58. Rb1 {[%clk 0:11:18]} Bd3
{[%clk 0:07:05]} 59. Rb2 {[%clk 0:11:15]} Bf1 {[%clk 0:06:34]} 60. Rf2
{[%clk 0:11:22]} Bh3 {[%clk 0:06:49]} 61. Rb2 {[%clk 0:11:40]} Bf4
{[%clk 0:06:38]} 62. Rf2 {[%clk 0:11:42]} Bf5 {[%clk 0:06:27]} 63. Rb2
{[%clk 0:11:54]} Kc8 {[%clk 0:05:49]} 64. Re2 {[%clk 0:11:33]} Kd8
{[%clk 0:05:20]} 65. Rb2 {[%clk 0:12:00]} Bg6 {[%clk 0:05:24]} 66. Rf2
{[%clk 0:11:06]} Bf7+ {[%clk 0:05:05]} 67. Kd4 {[%clk 0:10:33]} Kc7
{[%clk 0:05:24]} 68. Rc2 {[%clk 0:10:39]} Be6 {[%clk 0:04:41]} 69. Re2
{[%clk 0:10:21]} Bh3 {[%clk 0:04:07]} 70. Kc5 {[%clk 0:09:52]} Bd6+
{[%clk 0:04:10]} 71. Kd5 {[%clk 0:10:04]} Bf1 {[%clk 0:03:35]} 72. Rb2
{[%clk 0:10:05]} Bf4 {[%clk 0:03:27]} 73. Rf2 {[%clk 0:09:53]} Bd3
{[%clk 0:03:14]} 74. Rb2 {[%clk 0:09:52]} Kc8 {[%clk 0:03:13]} 75. Rf2
{[%clk 0:09:08]} Kd8 {[%clk 0:03:25]} 76. Rb2 {[%clk 0:09:26]} Bg6
{[%clk 0:03:49]} 77. Re2 {[%clk 0:09:14]} Bh5 {[%clk 0:04:02]} 78. Rf2
{[%clk 0:09:36]} Kc7 {[%clk 0:04:05]} 79. Rf1 {[%clk 0:08:51]} Bf7+
{[%clk 0:04:19]} 80. Kc5 {[%clk 0:08:52]} Bd6+ {[%clk 0:04:30]} 81. Kb5
{[%clk 0:08:52]} Bd5 {[%clk 0:04:39]} 82. Rf2 {[%clk 0:08:54]} Bxc6+
{[%clk 0:05:03]} 83. Kc4 {[%clk 0:09:18]} Bf4 {[%clk 0:05:11]} 84. Kd3
{[%clk 0:09:27]} g4 {[%clk 0:04:52]} 85. Ke2 {[%clk 0:07:39]} g3 {[%clk 0:04:19]}
86. Rg2 {[%clk 0:07:45]} Bd7 {[%clk 0:03:37]} 87. Kd3 {[%clk 0:07:20]} Bf5+
{[%clk 0:03:10]} 88. Kd4 {[%clk 0:06:49]} Bh3 {[%clk 0:02:35]} 89. Rxg3
{[%clk 0:07:09]} Bxg3 {[%clk 0:02:42]} 90. Nxg3 {[%clk 0:07:36]} Bg2
{[%clk 0:02:56]} 91. Ke3 {[%clk 0:07:33]} Kd6 {[%clk 0:02:50]} 92. Kf2
{[%clk 0:07:49]} h1=Q {[%clk 0:00:58]} 93. Nxh1 {[%clk 0:08:16]} Bxh1
{[%clk 0:01:19]} 94. Ke3 {[%clk 0:08:43]} Kc5 {[%clk 0:01:38]} 95. Kd3
{[%clk 0:09:01]} Kb4 {[%clk 0:01:58]} 96. Kc2 {[%clk 0:09:11]} Ka3
{[%clk 0:02:23]} 97. Kb1 {[%clk 0:09:38]} Bxf3 {[%clk 0:02:21]} 98. Ka1
{[%clk 0:10:06]} Bd5 {[%clk 0:02:40]} 99. Kb1 {[%clk 0:10:28]} a5
{[%clk 0:02:59]} 100. Ka1 {[%clk 0:10:55]} a4 {[%clk 0:03:22]} 101. Kb1
{[%clk 0:11:22]} Bg8 {[%clk 0:03:29]} 102. Ka1 {[%clk 0:11:45]} Bb3
{[%clk 0:03:55]} 103. Kb1 {[%clk 0:12:07]} Bc2+ {[%clk 0:04:06]} 104. Kxc2
{[%clk 0:12:24]} Kxa2 {[%clk 0:04:31]} 105. Kc1 {[%clk 0:12:50]} Ka1
{[%clk 0:04:49]} 106. Kc2 {[%clk 0:13:15]} a3 {[%clk 0:05:15]} 107. Kb3
{[%clk 0:13:37]} Kb1 {[%clk 0:05:29]} 108. Kxa3 {[%clk 0:14:02]} 1/2-1/2

[Event "WYCC Open U12"]
[Site "Porto Carras"]
[Date "2015.10.31"]
[Round "6.4"]
[White "Sanz Wawer, Daniel"]
[Black "Muradli, Mahammad"]
[Result "0-1"]
[BlackElo "2121"]
[WhiteElo "2016"]
[LiveChessVersion "1.4.6"]

1. e4 {[%clk 1:30:52]} c5 {[%clk 1:30:30]} 2. Nf3 {[%clk 1:31:06]} d6
{[%clk 1:30:57]} 3. d4 {[%clk 1:31:17]} cxd4 {[%clk 1:31:22]} 4. Qxd4
{[%clk 1:31:24]} a6 {[%clk 1:31:44]} 5. h3 {[%clk 1:31:12]} Nc6 {[%clk 1:32:04]}
6. Qe3 {[%clk 1:31:03]} g6 {[%clk 1:32:28]} 7. c4 {[%clk 1:30:37]} Be6
{[%clk 1:32:43]} 8. Be2 {[%clk 1:30:30]} Bh6 {[%clk 1:32:56]} 9. Qc3
{[%clk 1:30:38]} Qa5 {[%clk 1:33:21]} 10. Qxa5 {[%clk 1:30:42]} Nxa5
{[%clk 1:33:44]} 11. Bxh6 {[%clk 1:30:49]} Nxh6 {[%clk 1:34:07]} 12. b3
{[%clk 1:31:05]} Nc6 {[%clk 1:33:51]} 13. O-O {[%clk 1:28:53]} f6
{[%clk 1:33:21]} 14. Nc3 {[%clk 1:27:18]} Nf7 {[%clk 1:33:05]} 15. Nd5
{[%clk 1:24:19]} Rc8 {[%clk 1:32:33]} 16. Rfd1 {[%clk 1:21:47]} Nfe5
{[%clk 1:27:26]} 17. Ne1 {[%clk 1:18:38]} Kf7 {[%clk 1:21:02]} 18. Nc2
{[%clk 1:15:47]} Rhd8 {[%clk 1:11:03]} 19. Nce3 {[%clk 1:12:10]} Kf8
{[%clk 1:04:52]} 20. Rac1 {[%clk 1:07:52]} Nd7 {[%clk 0:45:51]} 21. f3
{[%clk 0:56:50]} Bf7 {[%clk 0:42:24]} 22. Rd2 {[%clk 0:53:02]} e5
{[%clk 0:32:33]} 23. Nc3 {[%clk 0:35:36]} Nc5 {[%clk 0:31:53]} 24. Bf1
{[%clk 0:28:45]} Nd4 {[%clk 0:30:50]} 25. Rcd1 {[%clk 0:27:44]} b5
{[%clk 0:23:30]} 26. Ned5 {[%clk 0:16:49]} Bxd5 {[%clk 0:20:51]} 27. Nxd5
{[%clk 0:13:55]} Kf7 {[%clk 0:20:49]} 28. Kf2 {[%clk 0:10:36]} Nce6
{[%clk 0:18:57]} 29. Rc1 {[%clk 0:07:48]} a5 {[%clk 0:17:50]} 30. Rdd1
{[%clk 0:06:46]} b4 {[%clk 0:17:43]} 31. Ke3 {[%clk 0:05:53]} Rb8
{[%clk 0:16:06]} 32. Rb1 {[%clk 0:03:32]} Rd7 {[%clk 0:15:43]} 33. Bd3
{[%clk 0:03:06]} h5 {[%clk 0:07:46]} 34. h4 {[%clk 0:02:35]} Nc5 {[%clk 0:07:18]}
35. Rd2 {[%clk 0:02:10]} Ra7 {[%clk 0:02:39]} 36. Rdb2 {[%clk 0:01:47]} Rab7
{[%clk 0:00:32]} 37. Kd2 {[%clk 0:00:53]} Ke6 {[%clk 0:00:34]} 38. Ke3
{[%clk 0:00:59]} Ra7 {[%clk 0:00:44]} 39. f4 {[%clk 0:00:39]} Kf7
{[%clk 0:00:35]} 40. fxe5 {[%clk 0:30:50]} fxe5 {[%clk 0:30:38]} 41. Rf1+
{[%clk 0:26:48]} Kg7 {[%clk 0:30:11]} 42. g4 {[%clk 0:17:31]} hxg4
{[%clk 0:28:13]} 43. Rg2 {[%clk 0:17:08]} Rf7 {[%clk 0:28:11]} 44. Rxf7+
{[%clk 0:16:29]} Kxf7 {[%clk 0:28:39]} 45. Rxg4 {[%clk 0:15:58]} a4
{[%clk 0:28:47]} 46. Rg2 {[%clk 0:12:17]} axb3 {[%clk 0:28:13]} 47. axb3
{[%clk 0:12:46]} Ncxb3 {[%clk 0:28:00]} 48. Rb2 {[%clk 0:12:06]} Kg7
{[%clk 0:27:32]} 49. Be2 {[%clk 0:08:27]} Nc5 {[%clk 0:27:30]} 50. Bd1
{[%clk 0:06:19]} b3 {[%clk 0:27:25]} 51. Nc3 {[%clk 0:05:48]} Rf8
{[%clk 0:27:18]} 52. Nb5 {[%clk 0:03:02]} Rf4 {[%clk 0:26:14]} 53. Nxd6
{[%clk 0:00:48]} Na4 {[%clk 0:26:18]} 54. Rxb3 {[%clk 0:00:36]} Nxb3
{[%clk 0:26:27]} 55. Bxb3 {[%clk 0:00:58]} Nc5 {[%clk 0:26:51]} 56. Bd1
{[%clk 0:00:45]} Rxh4 {[%clk 0:26:52]} 57. Bf3 {[%clk 0:00:35]} Rh2
{[%clk 0:26:43]} 58. Nb5 {[%clk 0:00:40]} Kf7 {[%clk 0:25:36]} 59. Bg4
{[%clk 0:00:33]} Rb2 {[%clk 0:25:13]} 60. Nc3 {[%clk 0:00:49]} Rc2
{[%clk 0:25:04]} 61. Nb5 {[%clk 0:00:54]} Kf6 {[%clk 0:24:55]} 62. Be2
{[%clk 0:01:16]} Kg5 {[%clk 0:24:45]} 63. Nd6 {[%clk 0:00:37]} Rc3+
{[%clk 0:24:51]} 64. Kd2 {[%clk 0:00:39]} Ra3 {[%clk 0:25:08]} 65. Nb5
{[%clk 0:00:39]} Nxe4+ {[%clk 0:25:27]} 0-1

[Event "WYCC Open U12"]
[Site "Porto Carras"]
[Date "2015.10.31"]
[Round "6.5"]
[White "Henderson De La Fuente, Lance"]
[Black "Niemann, Hans M"]
[Result "0-1"]
[BlackElo "2046"]
[WhiteElo "2180"]
[LiveChessVersion "1.4.6"]

1. e4 {[%clk 1:30:55]} e6 {[%clk 1:30:49]} 2. d4 {[%clk 1:31:15]} d5
{[%clk 1:31:15]} 3. Nd2 {[%clk 1:31:30]} c5 {[%clk 1:31:38]} 4. exd5
{[%clk 1:31:41]} Qxd5 {[%clk 1:32:01]} 5. Ngf3 {[%clk 1:31:36]} cxd4
{[%clk 1:32:26]} 6. Bc4 {[%clk 1:31:51]} Qd6 {[%clk 1:32:50]} 7. O-O
{[%clk 1:31:58]} Nf6 {[%clk 1:33:15]} 8. Nb3 {[%clk 1:32:11]} Nc6
{[%clk 1:33:40]} 9. Nbxd4 {[%clk 1:32:20]} Nxd4 {[%clk 1:33:58]} 10. Nxd4
{[%clk 1:32:25]} a6 {[%clk 1:34:14]} 11. Re1 {[%clk 1:32:38]} Qc7
{[%clk 1:34:37]} 12. Bf1 {[%clk 1:32:18]} Be7 {[%clk 1:28:25]} 13. Qf3
{[%clk 1:31:10]} O-O {[%clk 1:27:12]} 14. Bf4 {[%clk 1:31:15]} Qb6
{[%clk 1:23:26]} 15. Nb3 {[%clk 1:07:12]} Bd7 {[%clk 1:16:05]} 16. Be5
{[%clk 1:06:29]} Rac8 {[%clk 0:58:32]} 17. c4 {[%clk 1:03:34]} Rfd8
{[%clk 0:45:06]} 18. Qg3 {[%clk 0:58:55]} g6 {[%clk 0:41:41]} 19. Bd4
{[%clk 0:48:35]} Qb4 {[%clk 0:34:44]} 20. Bc3 {[%clk 0:47:24]} Qa4
{[%clk 0:35:01]} 21. Qe5 {[%clk 0:41:44]} b5 {[%clk 0:28:40]} 22. Nd2
{[%clk 0:31:12]} Rc5 {[%clk 0:24:21]} 23. Qe3 {[%clk 0:27:19]} Rf5
{[%clk 0:20:24]} 24. Be2 {[%clk 0:15:55]} Bc6 {[%clk 0:17:11]} 25. b3
{[%clk 0:11:39]} Qa3 {[%clk 0:17:27]} 26. Rf1 {[%clk 0:07:31]} Bc5
{[%clk 0:15:35]} 27. Qg3 {[%clk 0:04:16]} Rxd2 {[%clk 0:12:31]} 28. Qb8+
{[%clk 0:04:16]} Kg7 {[%clk 0:12:42]} 29. Bxd2 {[%clk 0:04:35]} Qb2
{[%clk 0:13:00]} 30. cxb5 {[%clk 0:01:52]} axb5 {[%clk 0:13:05]} 31. Rad1
{[%clk 0:01:07]} Ne4 {[%clk 0:13:22]} 32. Bf3 {[%clk 0:00:34]} Nxd2
{[%clk 0:12:33]} 33. Rxd2 {[%clk 0:00:32]} Qxd2 {[%clk 0:12:56]} 34. Bxc6
{[%clk 0:00:45]} Bxf2+ {[%clk 0:13:21]} 35. Kh1 {[%clk 0:01:10]} Ba7
{[%clk 0:13:47]} 36. Qxb5 {[%clk 0:00:32]} Rxb5 {[%clk 0:14:14]} 0-1

[Event "WYCC Open U12"]
[Site "Porto Carras"]
[Date "2015.10.31"]
[Round "6.6"]
[White "Haring, Filip"]
[Black "Landa Medrano, Gabriel"]
[Result "1-0"]
[BlackElo "1983"]
[WhiteElo "2107"]
[LiveChessVersion "1.4.6"]

1. e4 {[%clk 1:30:57]} e5 {[%clk 1:30:56]} 2. Nc3 {[%clk 1:30:27]} Nc6
{[%clk 1:28:50]} 3. g3 {[%clk 1:28:15]} g6 {[%clk 1:27:35]} 4. Bg2
{[%clk 1:28:24]} Bg7 {[%clk 1:28:01]} 5. Nge2 {[%clk 1:28:23]} Nge7
{[%clk 1:28:24]} 6. O-O {[%clk 1:28:02]} O-O {[%clk 1:28:39]} 7. d3
{[%clk 1:28:30]} d6 {[%clk 1:28:59]} 8. f4 {[%clk 1:28:08]} Be6 {[%clk 1:27:18]}
9. Nd5 {[%clk 1:19:51]} f5 {[%clk 1:13:24]} 10. Nec3 {[%clk 1:11:41]} Rb8
{[%clk 1:06:15]} 11. Be3 {[%clk 1:02:12]} a6 {[%clk 1:05:24]} 12. Qd2
{[%clk 1:00:06]} Nd4 {[%clk 0:57:23]} 13. fxe5 {[%clk 0:55:38]} Bxd5
{[%clk 0:50:15]} 14. Nxd5 {[%clk 0:30:41]} Nxd5 {[%clk 0:47:10]} 15. exd5
{[%clk 0:26:12]} dxe5 {[%clk 0:47:13]} 16. Rae1 {[%clk 0:14:45]} Qd7
{[%clk 0:46:18]} 17. b3 {[%clk 0:11:10]} Nb5 {[%clk 0:40:11]} 18. c4
{[%clk 0:10:44]} Nd6 {[%clk 0:39:48]} 19. c5 {[%clk 0:08:47]} Nf7
{[%clk 0:39:29]} 20. Qc2 {[%clk 0:06:11]} Rfd8 {[%clk 0:37:34]} 21. Qc4
{[%clk 0:05:22]} a5 {[%clk 0:34:02]} 22. Rc1 {[%clk 0:01:01]} c6 {[%clk 0:29:25]}
23. d6 {[%clk 0:00:58]} Kh8 {[%clk 0:26:29]} 24. Bh3 {[%clk 0:00:32]} Rf8
{[%clk 0:23:52]} 25. Qa4 {[%clk 0:00:37]} Ra8 {[%clk 0:21:44]} 26. Qh4
{[%clk 0:00:58]} Rae8 {[%clk 0:19:55]} 27. Rf2 {[%clk 0:00:51]} Qe6
{[%clk 0:18:20]} 28. Rcf1 {[%clk 0:00:35]} b6 {[%clk 0:16:29]} 29. Rxf5
{[%clk 0:00:37]} Qd5 {[%clk 0:14:55]} 30. d7 {[%clk 0:00:40]} gxf5
{[%clk 0:08:55]} 31. dxe8=Q {[%clk 0:00:48]} Rxe8 {[%clk 0:08:46]} 32. Bxf5
{[%clk 0:01:06]} h6 {[%clk 0:06:53]} 33. Qh5 {[%clk 0:01:10]} Re7
{[%clk 0:04:13]} 34. Qg6 {[%clk 0:01:15]} Kg8 {[%clk 0:04:22]} 35. cxb6
{[%clk 0:00:40]} c5 {[%clk 0:03:21]} 36. Be4 {[%clk 0:00:42]} Qd7
{[%clk 0:03:36]} 37. Bxh6 {[%clk 0:00:35]} 1-0